000 00768nam a2200217 a 4500
001 000594635
003 AM-YeHGA
005 20250617141655.0
008 950725s1968 fr abce 001 0 fre d
040 _aAM-YeHGA
041 0 _afre
100 1 _aValluy, J. E.
245 1 3 _aLa Premiere guerre mondiale /
_cGeneral J. E. Valluy ; Avec la collab. de Pierre Dufourcq.
260 _aParis :
_bLarousse,
_c[1968].
300 _a2 v. :
_bill. (part. col.), maps, ports., plans ;
_c30 cm.
505 0 _gT. 1. (319 p.) :
_t1914-1916 : [de Sarajevo a Verdun] ;
_gT. 2. (335 p.) :
_t1917-1918 : [de Verdun a Rethondes]
650 0 _aՀամաշխարհային պատերազմ, 1914-1918
700 1 _aDufourcq, Pierre.
_4clb
090 _c244624
999 _c243043
_d243043